000 00730nam a2200229Ia 4500
001 1265
003 GE_BSU
008 181216s||||||||xx |||||||||||||| ||und||
020 _a5520009244
040 _cGE_BSU
080 _a551.5(479.22)
100 _aმუმლაძე, დალი.
245 _aსაქართველოს კლიმატის თანამედროვე ცვლილება.
245 _cრედ.გვახარია,ვ.
260 _aთბილისი.
260 _bმეცნიერება.
260 _c1991.
300 _a128 გვ.19 სმ.
541 _h5 ლ.
653 _aსაქართველოს კლიმატი.
942 _cBK
999 _c35410
_d35410